Регионална библиотека "Любен Каравелов" - Русе

Изстрел (Запис номер 392464)

MARC детайли
000 -Лидер
Контролно поле с фиксирана дължина 00950nam a22002777a 4500
003 - Код на организацията, давaща контролен номер
Контролно поле BLK
005 - Дата и час на последна редакция
Контролно поле 20250628164911.0
008 - Елементи от данни с фиксирана дължина
fixed length control field 201217b bu ||||| |||| 00| 0 bu d
020 ## - Международен стандартен номер на книга ISBN
Международен стандартен номер на книга ISBN 9789542833055
040 ## - Източник на каталожния запис
Идентификатор на билиотеката - собственик на записа BLK
041 ## - Код за език
Код за езика на текст/звукозапис или на отделно заглавие Български
Код за езика КДБФ Български
080 ## - УДК
Текстов определител УДК Американска литература (на САЩ)
УДК код - определител по УДК 821.111(73)
УДК - код + определител -31
УДК определител 821.111(73)-31
100 ## - Редна дума - Автор
Автор Адамс, Тейлър
Авторска отговорност първи автор
R(LIN) 1299
139 ## - Редно поле
Редна дума Адамс, Тейлър
Авторски знак Ад - А 28
245 ## - Сведения за заглавието
Заглавие Изстрел
Редно поле (дума) Тейлър Адамс; прев. Камен Велчев
260 ## - Област на издателските данни
9 (RLIN) 217021
Място на издаване, разпространение и проч. София
Име на издателя, разпространителя и проч. Сиела Норма
Година на издаване 2020
Издателство - префикс ISBN 978-954-28-
300 ## - Физическа характеристика
Страници 296 с.
Размери/Мащаб 21 см
380 ## - Жанр
Жанр Худож. лит.
700 ## - Други автори (авторска отговорност)
Лично име Велчев, Камен Петков
Дати, свързани с автора 1974 -
9 (RLIN) 333727
852 ## - Местоположение
Фондова буква Заемна - подръчен фонд
Систематично-азбучна сигнатура 821-31/А 28 Т
856 ## - Електронен адрес и достъп
Инструкция (цена за достъп) 0.00
Права за достъп disable
999 ## - СИСТЕМНИ КОНТРОЛНИ НОМЕРА
Koha biblionumber 392464
Koha biblioitemnumber 392464
942 ## - АРТИКУЛИ
Вид на библиотечния материал Книги
Скрит в OPAC Не
Koha issues (borrowed), all copies 59
Периодичен библиозапис Да
944 ## - СЪЗДАВАНЕ И РЕДАКЦИЯ на ЗАПИСА
Създаване/Редакция Създаване
Дата на регистрацията/редакция 2020-12-17
Служител, извършил регистрацията/редакцията 30570
Статус, дата на статуса Моника Янева
999 ## - СИСТЕМНИ КОНТРОЛНИ НОМЕРА
Koha biblioitemnumber 392464
999 ## - СИСТЕМНИ КОНТРОЛНИ НОМЕРА
Koha biblioitemnumber 392464
Наличности
Код за отписване Код за изгубен артикул Източник на класификационната схема Код за повреда Коз за рестрикции Код за отдаване Артикулен № Име на библиотеката - собственик Име на библиотеката, в която се намира в момента Статус (Текущо местоположение) Дата на вписване в системата Местоположение - отдел Цена в лева Систематично азбучна сигнатура Баркод Цена в евро Служебен тип на артикула
  Не е изгубен Universal Decimal Classification Не е повреден без рестрикции заемане за дома 805855 Регионална библиотека "Любен Каравелов" Русе Регионална библиотека "Любен Каравелов" Русе Заемна - подръчен фонд 2020-12-17 Заемна - подръчен фонд 8.00 821-31/А 28 Т 120000850197 4.09 Книги
  Не е изгубен Universal Decimal Classification Не е повреден без рестрикции заемане за дома 805856 Регионална библиотека "Любен Каравелов" Русе Регионална библиотека "Любен Каравелов" Русе Заемна - подръчен фонд 2020-12-17 Заемна - подръчен фонд 8.00 821-31/А 28 Т 120000850196 4.09 Книги
Vip Innovations Ltd, Rousse, Bulgaria 2025